| 000 | 00924nas a2200301 4500 | ||
|---|---|---|---|
| 001 | BR2011001600 | ||
| 003 | BR-BrBNA | ||
| 005 | 20231205114526.0 | ||
| 007 | ta | ||
| 008 | 230509b bl.|||p| |||| 00| 00por d | ||
| 040 |
_aBR-BrBNA _bpor _cBiblioteca Nacional de Agricultura |
||
| 041 | _a(Pt) | ||
| 072 | _aQ03 | ||
| 100 | 1 | _aMaszlock, V.P. | |
| 100 | 1 | _aMylius, L.C. | |
| 100 | 1 | _aSilva, S.R.P. da | |
| 100 | 1 | _aDrehmer, M. | |
| 100 | 1 | _aSiviero, A. | |
| 100 | 1 | _aRott, M.B. | |
| 245 | 1 | _aQualidade higiênico-sanitária de hortaliças oferecidas em restaurante universitário: uma abordagem parasitológica | |
| 650 | _aHORTALIÇA | ||
| 650 | _aCONTAMINAÇÃO | ||
| 650 | _aPARASITO | ||
| 650 | _aRIO GRANDE DO SUL | ||
| 773 | 0 |
_tHigiene Alimentar (Brazil) _xISSN 0101-9171 _g(Sep-Oct 2010), v. 24(188-189) p. 126-130 _wBR2011001600 |
|
| 909 |
_a202311 _bLúcia _c55 _dLúcia Elande |
||
| 942 |
_2AGRIS _n0 _cANA |
||
| 999 |
_c209169 _d209169 |
||